000 00846nam a2200217Ia 4500
003 Ost
005 20260507075130.0
008 260507s9999||||xx |||||||||||||| ||und||
020 _a×451409960
040 _cfsecg
041 _aara
082 _a330
100 _aفلاهرتي، جون.أي
_eمؤلف
245 0 _aبيتر دركر مطور الفكر الإداري /
_c جون.أي فلاهرتي
260 _aالرياض:
_bمكتبة العبيكان,
_c2004
300 _a595 صفحة؛
_bإيضاحات ؛
_c24 سم
520 _aاكتشاف الإدارة الحديثة- حول الإستراتيجية والعقلية التجارية المغامرة- فعالية المدير التنفيذي.
653 _aالفكر الإداري
700 _aأبو جيب، مروان
_eمؤلف ثانوي
942 _cكتاب
999 _c43206
_d43206